[Event "GER-ch U25 op-C"]
[Site "Willingen"]
[Date "2024.05.19"]
[Round "1"]
[White "Prokscha, Marlene"]
[Black "Schwarzfischer, Ramona"]
[Result "1-0"]
[WhiteElo "1230"]
[BlackElo "974"]
[PlyCount "67"]
[EventDate "2024.05.19"]
[EventType "swiss"]
[EventRounds "9"]
[EventCountry "GER"]
[SourceTitle "EXT 2025"]
[Source "ChessBase"]
[SourceDate "2024.10.14"]
[SourceVersion "1"]
[SourceVersionDate "2024.10.14"]
[SourceQuality "1"]

1. d4 d5 2. Bf4 Nf6 3. Nf3 e6 4. e3 Bd6 5. Bxd6 Qxd6 6. Bd3 0-0 7. c3 Nbd7 8. Nbd2 c5 9. 0-0 e5 10. dxe5 Nxe5 11. Nxe5 Qxe5 12. Nf3 Qd6 13. h3 a6 14. c4 Kh8 15. Re1 Re8 16. Ng5 Be6 17. Bf5 Kg8 18. Bxe6 fxe6 19. e4 Qe5 20. Qd2 dxe4 21. f3 Rad8 22. Qc1 Qd4+ 23. Kh2 exf3 24. Nxf3 Qd6+ 25. Ne5 Nd7 26. Qc3 Rf8 27. Kg1 Rf5 28. Rad1 Qe7 29. Nxd7 Rxd7 30. Rxd7 Qxd7 31. Qe3 Kf7 32. g4 Rf6 33. Qxc5 Kg6 34. Qh5# 1-0

[Event "GER-ch U25 op-C"]
[Site "Willingen"]
[Date "2024.05.19"]
[Round "2"]
[White "Schwarzfischer, Ramona"]
[Black "Trenkelbach, Silas"]
[Result "0-1"]
[WhiteElo "974"]
[BlackElo "1265"]
[PlyCount "84"]
[EventDate "2024.05.19"]
[EventType "swiss"]
[EventRounds "9"]
[EventCountry "GER"]
[SourceTitle "EXT 2025"]
[Source "ChessBase"]
[SourceDate "2024.10.14"]
[SourceVersion "1"]
[SourceVersionDate "2024.10.14"]
[SourceQuality "1"]

1. d4 d5 2. Nf3 Nf6 3. c3 e6 4. Bf4 Bd6 5. e3 0-0 6. Be2 b6 7. 0-0 Bb7 8. Nbd2 c5 9. Rc1 Nc6 10. Nb3 Ne4 11. Nbd2 Qc7 12. Bxd6 Qxd6 13. Bd3 Ne7 14. Qc2 Nf6 15. e4 dxe4 16. Nxe4 Nxe4 17. Bxe4 Bxe4 18. Qxe4 Qd5 19. Qxd5 exd5 20. Rfe1 Rfe8 21. Ne5 f6 22. Nd3 Rac8 23. Re3 Kf8 24. Rce1 cxd4 25. cxd4 Nf5 26. Rxe8+ Rxe8 27. Rc1 Nxd4 28. Rc7 Re7 29. Rc8+ Kf7 30. h3 Ke6 31. Rd8 Nc6 32. Rc8 Kd6 33. Nf4 d4 34. Rg8 Ke5 35. Rc8 Kd6 36. Nh5 d3 37. b4 d2 38. Kh2 d1Q 39. Nf4 Qd2 40. g3 Qxf2+ 41. Ng2 Re2 42. b5 Qxg2# 0-1

[Event "GER-chT U16 Girls"]
[Site "Magdeburg"]
[Date "2023.12.27"]
[Round "1.5"]
[White "Schwarzfischer, Ramona"]
[Black "Yamshchikova, Alisa"]
[Result "0-1"]
[WhiteElo "988"]
[BlackElo "1323"]
[PlyCount "108"]
[EventDate "2023.12.26"]
[EventType "team-swiss"]
[EventRounds "7"]
[EventCountry "GER"]
[SourceTitle "CBM 218 Extra"]
[Source "ChessBase"]
[SourceDate "2024.03.31"]
[SourceVersion "1"]
[SourceVersionDate "2024.03.31"]
[SourceQuality "1"]
[WhiteTeam "Roding"]
[BlackTeam "Oberschoeneweide"]
[WhiteTeamCountry "GER"]
[BlackTeamCountry "GER"]

1. d4 d5 2. Nf3 Nf6 3. Bf4 e6 4. e3 c5 5. Bb5+ Nbd7 6. c3 a6 7. Bxd7+ Bxd7 8. 0-0 Be7 9. Nbd2 0-0 10. c4 Rc8 11. Rc1 h6 12. cxd5 Nxd5 13. Bg3 Bb5 14. Re1 Nb4 15. Ra1 Nd3 16. Qb1 Nxe1 17. Qxe1 Bf6 18. Nb3 cxd4 19. Nbxd4 Qb6 20. Rb1 Bd3 21. Rd1 Bg6 22. b3 Rfd8 23. h3 Bh5 24. Rd2 Qa5 25. a4 Bxf3 26. Nxf3 Rxd2 27. Nxd2 Rd8 28. Nf3 Qxe1+ 29. Nxe1 Rd1 30. Kf1 Bc3 31. f3 Rb1 32. Ke2 Bxe1 33. Bxe1 Rxb3 34. Kf2 b6 35. e4 Ra3 36. Kg3 Rxa4 37. Kf4 f6 38. Bf2 b5 39. Ke3 Rc4 40. Kd3 a5 41. Be1 a4 42. Bc3 a3 43. Kc2 b4 44. Kb3 Rxc3+ 45. Kxb4 Re3 46. Kc4 a2 47. Kd4 Ra3 48. e5 a1Q+ 49. Ke4 f5+ 50. Kf4 g5+ 51. Kg3 Qe1+ 52. Kh2 Qxe5+ 53. Kg1 Ra1+ 54. Kf2 Qe1# 0-1

[Event "GER-ch U25-C"]
[Site "Willingen"]
[Date "2023.06.03"]
[Round "9"]
[White "Schwarzfischer, Ramona"]
[Black "Blome, Antonia"]
[Result "1-0"]
[WhiteElo "916"]
[BlackElo "1099"]
[PlyCount "159"]
[EventDate "2023.05.27"]
[EventType "swiss"]
[EventRounds "9"]
[EventCountry "GER"]
[SourceTitle "CBM 214 Extra"]
[Source "ChessBase"]
[SourceDate "2023.07.31"]
[SourceVersion "1"]
[SourceVersionDate "2023.07.31"]
[SourceQuality "1"]

1. e4 e5 2. Nf3 Nc6 3. Bc4 Bc5 4. c3 Nf6 5. d3 d6 6. h3 Be6 7. Qb3 Qc8 8. Nbd2 Bxc4 9. Qxc4 h6 10. 0-0 0-0 11. Nb3 Bb6 12. Re1 Na5 13. Nxa5 Bxa5 14. Bd2 Re8 15. d4 exd4 16. cxd4 Bxd2 17. Nxd2 c6 18. f3 d5 19. Qc3 Qd7 20. e5 Nh7 21. Nb3 b6 22. a4 Qb7 23. a5 Ng5 24. a6 Qc7 25. Rac1 Re6 26. Nd2 Qc8 27. f4 Nh7 28. f5 Re8 29. Rf1 Qxa6 30. Qxc6 Qd3 31. Nf3 Qxf5 32. Qxd5 Red8 33. Qb3 Qd7 34. Kh1 Rac8 35. Rce1 Qc6 36. Qa3 Ra8 37. Qe3 Rd7 38. Rd1 Rad8 39. b3 Ng5 40. Nxg5 hxg5 41. b4 Qc4 42. Qxg5 Qxb4 43. Qf4 a5 44. h4 a4 45. h5 Rxd4 46. Qxf7+ Kh8 47. Rxd4 Qxd4 48. Rf4 Qxe5 49. Kh2 b5 50. Kh3 Rd3+ 51. g3 a3 52. h6 Rd4 53. hxg7+ Qxg7 54. Qxg7+ Kxg7 55. Rxd4 a2 56. Rd7+ Kf6 57. Ra7 Ke5 58. Rxa2 Kd5 59. g4 b4 60. Rb2 Kc5 61. g5 Kc4 62. g6 Kc3 63. Rxb4 Kxb4 64. g7 Kc5 65. g8Q Kd4 66. Qe8 Kd5 67. Kg4 Kd4 68. Kf4 Kd5 69. Qe5+ Kc4 70. Qd6 Kc3 71. Ke3 Kc4 72. Qd4+ Kb5 73. Qc3 Kb6 74. Kd4 Kb7 75. Kd5 Kb6 76. Qc5+ Kb7 77. Kd6 Kb8 78. Kc6 Ka8 79. Kb6 Kb8 80. Qf8# 1-0

[Event "GER-ch Youth-C"]
[Site "Willingen"]
[Date "2022.06.06"]
[Round "3"]
[White "Schwarzfischer, Ramona"]
[Black "Hellmann, Alexander"]
[Result "0-1"]
[WhiteElo "775"]
[BlackElo "949"]
[PlyCount "44"]
[EventDate "2022.06.04"]
[EventType "swiss"]
[EventRounds "9"]
[EventCountry "GER"]
[SourceTitle "CBM 208 Extra"]
[Source "ChessBase"]
[SourceDate "2022.07.31"]
[SourceVersion "1"]
[SourceVersionDate "2022.07.31"]
[SourceQuality "1"]

1. e4 e5 2. Nf3 Nc6 3. Bc4 Bc5 4. d3 d6 5. c3 Nf6 6. Qe2 0-0 7. Be3 Bxe3 8. Qxe3 Ne7 9. h3 d5 10. Bb3 dxe4 11. Nxe5 Ned5 12. Bxd5 Qxd5 13. Qf4 exd3 14. c4 Qxg2 15. Qh2 Qe4+ 16. Kd2 Qe2+ 17. Kc3 Ne4+ 18. Kd4 Rd8+ 19. Nd7 Rxd7+ 20. Ke5 f6+ 21. Kf4 g5+ 22. Kf5 Rd5# 0-1

[Event "GER-ch Youth-C"]
[Site "Willingen"]
[Date "2022.06.05"]
[Round "2"]
[White "Direk, Oguzhan"]
[Black "Schwarzfischer, Ramona"]
[Result "1-0"]
[WhiteElo "1020"]
[BlackElo "775"]
[PlyCount "67"]
[EventDate "2022.06.04"]
[EventType "swiss"]
[EventRounds "9"]
[EventCountry "GER"]
[SourceTitle "CBM 208 Extra"]
[Source "ChessBase"]
[SourceDate "2022.07.31"]
[SourceVersion "1"]
[SourceVersionDate "2022.07.31"]
[SourceQuality "1"]

1. d4 d5 2. Nc3 Nf6 3. Bf4 Nc6 4. Nb5 Rb8 5. Bxc7 Qd7 6. Bxb8 Nxb8 7. Nc3 Nc6 8. e3 e6 9. Nf3 Bb4 10. Bb5 Bxc3+ 11. bxc3 a6 12. Ne5 Qc7 13. Bxc6+ bxc6 14. 0-0 Ne4 15. Qd3 h6 16. c4 g5 17. cxd5 cxd5 18. c4 f6 19. cxd5 exd5 20. Rac1 Qb7 21. Rb1 Qc7 22. Rfc1 Qd8 23. Rb8 0-0 24. Rbxc8 Qe7 25. Rxf8+ Qxf8 26. Qxa6 fxe5 27. Rc8 Qxc8 28. Qxc8+ Kg7 29. Qd7+ Kg6 30. Qxd5 Kf5 31. Qxe5+ Kg6 32. Qxe4+ Kh5 33. h3 g4 34. Qxg4# 1-0